Historia de Tijuana : semblanza general /
Obra que proporciona una panorámica general de la historia de Tijuana hasta nuestros días.
保存先:
| 第一著者: | |
|---|---|
| フォーマット: | 図書 |
| 言語: | スペイン語 |
| 出版事項: |
México : Tijuana, México :
UNAM ; Universidad Autónoma de Baja California,
1985
|
| 主題: | |
| タグ: |
タグなし, このレコードへの初めてのタグを付けませんか!
|
MARC
| LEADER | 00000nam^a2200000^a^4500 | ||
|---|---|---|---|
| 001 | 000025391 | ||
| 005 | 20250521000000.0 | ||
| 009 | 20260310084650.506 | ||
| 037 | |a Acervo ITESO - Biblioteca | ||
| 041 | |a ESP | ||
| 082 | |a 972. 238 |b PIÑ | ||
| 100 | |a Piñera Ramírez, David |e (coord.) | ||
| 245 | 1 | 0 | |a Historia de Tijuana : |b semblanza general / |c Coord. de D. Piñera Ramírez. |
| 264 | 1 | |a México : |b UNAM ; |a Tijuana, México : |b Universidad Autónoma de Baja California, |c 1985 | |
| 300 | |a 338 p. | ||
| 336 | |a texto |b txt |2 rdacontenido | ||
| 337 | |a sin mediación |b n |2 rdamedio | ||
| 338 | |a volumen |b nc |2 rdasoporte | ||
| 520 | |a Obra que proporciona una panorámica general de la historia de Tijuana hasta nuestros días. | ||
| 649 | |a XX | ||
| 650 | |a Tijuana, Baja California (Norte) - |x Historia | ||
| 650 | |a Tijuana, Baja California (Norte) - |x Historia | ||
| 910 | |a Fondo General | ||
| 920 | |a Impresos - Libros | ||
| 930 | |a Colección General | ||
| 905 | |a 101 | ||
| 901 | |a 0253910100 |b IT1 |c ACC |i 025391 |u 20250521 | ||
| 902 | |a https://opac.biblio.iteso.mx/vufind/Record/000025391 | ||